| 000 | 00567nam a2200121Ia 4500 | ||
|---|---|---|---|
| 008 | 171212s9999 xx 000 0 und d | ||
| 020 | _a9780833051950 | ||
| 100 | _aChandra, Anita;Acosta, Joie D.;Stern, Stefanie;Uscher-Pines, Lori;Williams, Malcolm V. | ||
| 245 |
_cChandra, Anita;Acosta, Joie D.;Stern, Stefanie;Uscher-Pines, Lori;Williams, Malcolm V. _aBuilding Community Resilience to Disasters _bA Way Forward to Enhance National Health Security |
||
| 260 |
_bRAND Corporation _c2011 |
||
| 650 | _aHealth Sciences | ||
| 856 | _uwww.jstor.org/stable/10.7249/tr915dhhs | ||
| 999 |
_c351815 _d351815 |
||